00723cam a22002411 4500001001300000003000400013005001700017008004100034010001700075035001900092040001800111042001200129050002200141051002500163100003400188245004700222260004300269300004300312410005500355504003000410650002600440999001500466agr12002015 DLC20260227110934.0790313s1912 xx 000 0 eng  aagr12002015  a(OCoLC)4735947 aDLCcOCldDLC apremarc00aS591b.A12 no. 85 aS599.U5bC7cCopy 2.1 aCoffey, George Nelson,d1875-02aA study of the soils of the United States. aWashington,bGovt. Print. Off.,c1912. a114 p.bfold. map. (in pocket)c23 cm.10aUnited States.bBureau of Soils.tBulletinvno. 85 aBibliography: p. 100-114. 0aSoilszUnited States. c8154d8154